COM100 Oswego Midterm Quiz Stats

 Plays Quiz not verified by Sporcle

Score 0/63 Timer 18:00
0 Plays Today
Term % Correct
Context
90%
Setting
86%
Noise
76%
Participants
72%
Feedback
70%
Message Creation
60%
Regulatory
54%
Informative
54%
Heuristic
52%
Syntax
52%
Social Science
50%
Instrumental
50%
Imaginative
48%
Phonology
48%
Interpretive
46%
Critical
46%
Interactional
46%
Channels
44%
Personal Language
44%
Racial
44%
Age
44%
Postmodern
42%
Pragmatics
42%
Paralinguistics
42%
Chronemics
42%
Gender
42%
Sexual
42%
Kinesics
40%
Proxemics
40%
Haptics
40%
Ethnic
40%
National
38%
Term % Correct
Religious
38%
Appearance and Artifacts
36%
Social Class
36%
Sematics
34%
Rhetoric
34%
Relationship
28%
Culture
26%
Understanding
26%
Length of Relationship
24%
Responding
24%
Sensing
24%
Theory
24%
Method
24%
Evaluating
22%
Transactional
22%
Elocution
22%
Empathize
20%
Linear
20%
Interactive
20%
Paradigm
20%
Communicating Information
18%
Regulating Interaction
18%
Listen more than they talk
18%
Provide non-verbal feedback
18%
Expressing and Managing Intimacy
16%
Establishing Social Control
16%
Keep an Open Mind
16%
Provide verbal feedback
16%
Focus on the Speaker
14%
Signaling Service-Task Functions
14%
Monitor how they listen
10%

You're not logged in!

Compare scores with friends on all Sporcle quizzes.
OR
Log In

Show Comments

Extras

Created Oct 13, 2010ReportNominate
Tags:May, midterm, term

Top Quizzes Today


Score Distribution

Your Account Isn't Verified!

In order to create a playlist on Sporcle, you need to verify the email address you used during registration. Go to your Sporcle Settings to finish the process.

Report this User

Report this user for behavior that violates our Community Guidelines.

Details: